La Costa en su laberinto: ¿Qué está sucediendo realmente?

保存先:
書誌詳細
フォーマット: テキスト
主題:
タグ: タグ追加
タグなし, このレコードへの初めてのタグを付けませんか!

MARC

LEADER 00000 a a2200000 04500
001 7011
003
040
245 |a La Costa en su laberinto:   |b ¿Qué está sucediendo realmente?  
650 |a GOBIERNO LOCAL  
650 |a PARTIDOS POLITICOS  
650 |a CORRUPCION  
650 |a ELECCIONES  
650 |a VOTACION  
650 |a POLITICA ECONOMICA  
650 |a CONFLICTOS SOCIALES  
650 |a CRISIS POLITICA  
650 |a RECURSOS NATURALES  
773 |g volumen 10, número 116; páginas 12-33  
999 |c 25812  |d 25812